One Piece- Les personnages qui ont déjà réussi à vaincre Luffy - Statistiques

Statistiques générales
  • Ce quiz a été pris 194 fois
  • Le résultat moyen est 9 sur 21
Statistiques - réponses
Personnages qui ont déjà battu Luffy au moins une fois % Correct
Kaido
98%
Crocodile
92%
Lucci
72%
Bartholomew Kuma
70%
Portgas D.Ace
70%
Sabo
67%
Magellan
65%
Aokiji
61%
Gecko Moria
57%
Vinsmoke Sanji
48%
Cesar Clown
42%
Kaku
40%
Blueno
37%
Kalifa
35%
Oz
25%
Armée de Big Mom
22%
Charlotte Mont d'Or
11%
Charlotte Opera
9%
Charlotte Cadenza
4%
Charlotte Counter
4%
Babanuki
2%
Aucun quiz correspondant
Distribution des résultats
% des personnes avec chaque résultat
Percentile par nombre de réponses
Votre historique - résultats
Vous n’avez pas pris ce quiz